[Event "Australian Reserves"]
[Site "Adelaide"]
[Date "2003.12.29"]
[Round "1.1"]
[White "Antoniazzi, Francesco"]
[Black "Cowley, Robert G"]
[Result "0-1"]
[WhiteElo "1665"]
[BlackElo "2022"]
[PlyCount "92"]
[EventDate "2003.12.29"]
[EventType "swiss"]
[EventRounds "11"]
[EventCountry "AUS"]

1. Nf3 d5 2. c4 dxc4 3. Na3 Nf6 4. Nxc4 e6 5. b3 c5 6. Bb2 Nc6 7. g3 b5 8. Ne3
Bb7 9. Bg2 Be7 10. O-O O-O 11. d3 Qb6 12. Qd2 Rfd8 13. Rfc1 h6 14. Qe1 Nd4 15.
Nxd4 cxd4 16. Bxb7 Qxb7 17. Nf1 e5 18. a3 Nd5 19. Nd2 Qb6 20. Rc2 b4 21. a4 Nc3
22. Qf1 Qe6 23. Re1 Rac8 24. Nc4 Bc5 25. Bc1 Qd5 26. Qh3 e4 27. Qg4 f5 28. dxe4
Qxe4 29. Qxe4 fxe4 30. Bb2 Rf8 31. Ne5 Rcd8 32. Rd2 Rxf2 33. Nd3 Rf5 34. Nxc5
Rxc5 35. Rf1 Rcd5 36. Rf4 Rf8 37. Rxf8+ Kxf8 38. Kf1 Ke7 39. Rc2 Ke6 40. Rd2
Ke5 41. Rc2 e3 42. Rc1 Ke4 43. Rc2 Rf5+ 44. Kg1 d3 45. exd3+ Kxd3 46. Rc1 Ne2+
0-1

[Event "Australian Reserves"]
[Site "Adelaide"]
[Date "2003.12.29"]
[Round "1.2"]
[White "Lip, Michael"]
[Black "Juszczynski, Mathew"]
[Result "1-0"]
[WhiteElo "1964"]
[BlackElo "1658"]
[PlyCount "123"]
[EventDate "2003.12.29"]
[EventType "swiss"]
[EventRounds "11"]
[EventCountry "AUS"]

1. e4 c5 2. Nc3 d6 3. Nf3 Nf6 4. Bc4 e6 5. O-O Be7 6. d3 O-O 7. a3 a6 8. Bg5
Nc6 9. Qd2 Qc7 10. Rae1 b5 11. Ba2 Bb7 12. h4 Rac8 13. Nh2 Nd4 14. Nd1 b4 15.
c3 bxc3 16. bxc3 Nc6 17. Re3 Ne5 18. Rg3 Nh5 19. Rh3 c4 20. g4 Nf6 21. Bxf6
Bxf6 22. d4 Nd3 23. f3 d5 24. e5 Be7 25. Bb1 Bxa3 26. Bxd3 cxd3 27. Qxd3 Qc4
28. Qd2 Bc6 29. g5 Ba4 30. f4 Bxd1 31. Rxd1 Rb8 32. Ng4 Rb2 33. Qd3 Qxd3 34.
Rhxd3 Rb3 35. Ne3 Be7 36. Ra1 Ra8 37. Kf2 a5 38. Ra4 Kf8 39. Nd1 Ke8 40. Rd2
Kd7 41. Rda2 Bd8 42. Ke2 Kc6 43. Kd2 h6 44. Kc2 Rab8 45. c4 dxc4 46. Rxc4+ Kd7
47. Ne3 R8b5 48. Nd1 Rb8 49. Nc3 R8b4 50. Kd3 Rxc4 51. Kxc4 Rb4+ 52. Kd3 Bb6
53. Ra4 Rxa4 54. Nxa4 Ba7 55. Kc4 Kc6 56. h5 Bb8 57. Nc5 Bc7 58. g6 fxg6 59.
hxg6 h5 60. Nxe6 h4 61. Nxg7 h3 62. Nf5 1-0

[Event "Australian Reserves"]
[Site "Adelaide"]
[Date "2003.12.29"]
[Round "1.3"]
[White "Ly, Moulthun"]
[Black "Malik, Hani"]
[Result "1-0"]
[WhiteElo "1646"]
[BlackElo "1946"]
[PlyCount "53"]
[EventDate "2003.12.29"]
[EventType "swiss"]
[EventRounds "11"]
[EventCountry "AUS"]

1. e4 c5 2. Nf3 e6 3. c3 d5 4. exd5 Qxd5 5. d4 Nf6 6. Nbd2 cxd4 7. Nxd4 Bd7 8.
N2f3 Nc6 9. Bd3 e5 10. Nb5 O-O-O 11. c4 Qe6 12. Ng5 Qe8 13. O-O h6 14. Ne4 Nxe4
15. Bxe4 a6 16. Nc3 Bc5 17. Be3 Nd4 18. b4 Ba7 19. b5 f5 20. Bd5 axb5 21. Rb1
Be6 22. Bxd4 Bxd4 23. Nxb5 Bxd5 24. cxd5 Rxd5 25. Qb3 Qd7 26. Rfc1+ Kb8 27. Nc7
1-0

[Event "Australian Reserves"]
[Site "Adelaide"]
[Date "2003.12.29"]
[Round "1.4"]
[White "Stead, Kerry"]
[Black "Clark, Domenic"]
[Result "1-0"]
[WhiteElo "1935"]
[BlackElo "1636"]
[PlyCount "95"]
[EventDate "2003.12.29"]
[EventType "swiss"]
[EventRounds "11"]
[EventCountry "AUS"]

1. e4 e6 2. d3 d5 3. Nd2 Nf6 4. g3 Bc5 5. Bg2 O-O 6. c3 Nbd7 7. d4 Bb6 8. e5
Ne8 9. f4 c5 10. Ne2 f6 11. Nf3 cxd4 12. cxd4 Rf7 13. O-O Nf8 14. Be3 Ng6 15.
Rc1 Bd7 16. a4 Rc8 17. Qb3 Bc6 18. Qa3 a5 19. h4 h5 20. Qd3 Ne7 21. exf6 gxf6
22. Bh3 Bd7 23. Rxc8 Bxc8 24. Nd2 Ng7 25. Rc1 Nef5 26. Bf2 Nd6 27. b3 Ngf5 28.
Kh2 Rg7 29. Nf1 Ne4 30. Bxf5 Nxf2 31. Qf3 Ng4+ 32. Bxg4 hxg4 33. Qd3 Bd7 34. f5
exf5 35. Nf4 Bc8 36. Ne3 Rc7 37. Rxc7 Bxc7 38. Nexd5 Bxf4 39. Nxf4 Kg7 40. d5
Qd6 41. Qc3 Qd8 42. d6 Bd7 43. Qc7 Qe8 44. Qxb7 Kh6 45. Qd5 Qe1 46. Qd4 Bc6 47.
Qxf6+ Kh7 48. Qf7+ 1-0

[Event "Australian Reserves"]
[Site "Adelaide"]
[Date "2003.12.29"]
[Round "1.5"]
[White "Donnelly, Philip W"]
[Black "Guthrie, Aaron"]
[Result "0-1"]
[WhiteElo "1625"]
[BlackElo "1927"]
[PlyCount "52"]
[EventDate "2003.12.29"]
[EventType "swiss"]
[EventRounds "11"]
[EventCountry "AUS"]

1. e4 c5 2. Nf3 d6 3. d4 cxd4 4. Nxd4 e6 5. Nc3 a6 6. Bc4 b5 7. Bb3 Bb7 8. f3
Nd7 9. O-O Ngf6 10. Kh1 Nc5 11. Bg5 Be7 12. Qe2 O-O 13. Rad1 b4 14. e5 bxc3 15.
exf6 Bxf6 16. Bc1 g6 17. Qe3 cxb2 18. Bxb2 Qc7 19. Ba3 Qa5 20. Bb2 Bg7 21. Bc3
Qc7 22. Bb4 Qb6 23. Bc3 Nxb3 24. cxb3 Rac8 25. Ba1 Rfd8 26. Nxe6 Qxe3 0-1

[Event "Australian Reserves"]
[Site "Adelaide"]
[Date "2003.12.29"]
[Round "1.6"]
[White "Krstic, Slobodan"]
[Black "Lindberg, Douglas"]
[Result "1-0"]
[WhiteElo "1922"]
[BlackElo "1620"]
[PlyCount "89"]
[EventDate "2003.12.29"]
[EventType "swiss"]
[EventRounds "11"]
[EventCountry "AUS"]

1. e4 e6 2. Qe2 c5 3. f4 Nc6 4. Nf3 d6 5. c3 Qc7 6. g3 Nf6 7. Bg2 Be7 8. O-O
O-O 9. Kh1 a6 10. d4 cxd4 11. cxd4 e5 12. Be3 Bg4 13. d5 Nb8 14. Nc3 Nbd7 15.
Rac1 Qa5 16. h3 Bxf3 17. Bxf3 Rac8 18. a3 b5 19. Na2 Qa4 20. Bg1 h6 21. Nb4
Rfe8 22. Nc6 Bf8 23. f5 Nb8 24. Na7 Rxc1 25. Rxc1 Qa5 26. Qd3 Qd8 27. h4 Nfd7
28. Qe3 Nc5 29. b4 Ncd7 30. Bf2 Kh7 31. g4 g6 32. Nc6 Nxc6 33. dxc6 Nf6 34. Qa7
Kg8 35. Qxa6 Qa8 36. Qxa8 Rxa8 37. g5 Ne8 38. c7 Rc8 39. Bb6 hxg5 40. hxg5 d5
41. fxg6 f5 42. exf5 e4 43. Bg4 Bd6 44. f6 Bf4 45. f7+ 1-0

[Event "Australian Reserves"]
[Site "Adelaide"]
[Date "2003.12.29"]
[Round "1.7"]
[White "Mendes da Costa, Alex"]
[Black "Dizdarevic, Mehmedalija"]
[Result "0-1"]
[WhiteElo "1620"]
[BlackElo "1917"]
[PlyCount "72"]
[EventDate "2003.12.29"]
[EventType "swiss"]
[EventRounds "11"]
[EventCountry "AUS"]

1. e4 g6 2. Nf3 d6 3. d4 Bg7 4. Bf4 Bg4 5. c3 Nd7 6. Nbd2 c5 7. Qa4 a6 8. b4 b5
9. Qb3 c4 10. Qc2 Nb6 11. h3 Bd7 12. g4 Qc8 13. Rg1 Nf6 14. Bg2 O-O 15. Nf1 Bc6
16. d5 Nbxd5 17. exd5 Nxd5 18. Bd2 Nxb4 19. cxb4 Bxa1 20. Bc3 Bxc3+ 21. Qxc3
Qb7 22. Ng3 e5 23. h4 Rfe8 24. h5 d5 25. Qd2 d4 26. hxg6 fxg6 27. Nh4 Bxg2 28.
Nhf5 Re6 29. Qg5 Rf8 30. f3 Qxf3 31. Qh6 Rf7 32. Qg5 Qc3+ 33. Kf2 Bc6 34. Ne2
Qc2 35. Kf1 d3 36. Neg3 d2 0-1

[Event "Australian Reserves"]
[Site "Adelaide"]
[Date "2003.12.29"]
[Round "1.8"]
[White "Hare, Tim"]
[Black "Stewart, Scott"]
[Result "1-0"]
[WhiteElo "1915"]
[BlackElo "1618"]
[PlyCount "51"]
[EventDate "2003.12.29"]
[EventType "swiss"]
[EventRounds "11"]
[EventCountry "AUS"]

1. Nf3 f5 2. g3 Nf6 3. Bg2 g6 4. O-O Bg7 5. c4 O-O 6. Nc3 d6 7. d3 Nc6 8. Rb1
e5 9. b4 h6 10. b5 Ne7 11. a4 g5 12. a5 f4 13. Nd2 Rb8 14. Ba3 Be6 15. Nde4 Qd7
16. c5 Nc8 17. b6 cxb6 18. axb6 a6 19. cxd6 Rd8 20. Nxf6+ Bxf6 21. Ne4 Bg7 22.
Qc2 Bf5 23. Nc5 Qf7 24. d7 Bxd7 25. Nxb7 Re8 26. Qc7 1-0

[Event "Australian Reserves"]
[Site "Adelaide"]
[Date "2003.12.29"]
[Round "1.9"]
[White "Bristina, Husein"]
[Black "Pyke, Malcolm L"]
[Result "0-1"]
[WhiteElo "1614"]
[BlackElo "1914"]
[PlyCount "62"]
[EventDate "2003.12.29"]
[EventType "swiss"]
[EventRounds "11"]
[EventCountry "AUS"]

1. e4 c5 2. Nf3 d6 3. d4 cxd4 4. Nxd4 Nf6 5. Nc3 g6 6. Be3 Bg7 7. f3 O-O 8. Qd2
Nc6 9. O-O-O Nxd4 10. Bxd4 Be6 11. g4 Qa5 12. Kb1 Rfc8 13. a3 Rab8 14. h4 b5
15. h5 b4 16. Nd5 Nxd5 17. exd5 Bxd4 18. Qxd4 bxa3 19. dxe6 axb2 20. exf7+ Kf8
21. Qh8+ Kxf7 22. Qxh7+ Ke8 23. Qxg6+ Kd8 24. Rxd6+ Kc7 25. Rc6+ Kb7 26. Ba6+
Ka8 27. Bb7+ Kxb7 28. Ra6 Qxa6 29. Qxa6+ Kxa6 30. h6 Rc3 31. g5 Ra3 0-1

[Event "Australian Reserves"]
[Site "Adelaide"]
[Date "2003.12.29"]
[Round "1.10"]
[White "Safarian, Alek"]
[Black "Shaw, Robin A"]
[Result "1/2-1/2"]
[WhiteElo "1899"]
[BlackElo "1607"]
[Annotator "Wedding,Robin"]
[PlyCount "74"]
[EventDate "2003.12.29"]
[EventType "swiss"]
[EventRounds "11"]
[EventCountry "AUS"]

1. d4 Nf6 2. c4 c5 3. d5 d6 4. Nc3 e6 5. e4 exd5 6. cxd5 Be7 7. f4 Bg4 8. Qa4+
Bd7 9. Qc2 Na6 10. Nf3 Nc7 11. a4 O-O 12. Bd3 Na6 13. Qf2 Nb4 14. Bb1 Re8 15.
O-O Ng4 16. Qd2 Bf6 17. h3 h5 18. hxg4 hxg4 19. Ng5 Bd4+ 20. Kh2 Qf6 21. g3
Qh6+ 22. Kg2 f6 23. Rh1 Qg6 24. e5 Bf5 25. Bxf5 Qxf5 26. Ne6 Nc2 27. Nxd4 cxd4
28. Nb5 Qe4+ 29. Kg1 Nxa1 30. Nxd6 Qxd5 31. Qh2 Kf8 32. Qh8+ Qg8 33. Nxe8 Rxe8
34. exf6 Re1+ 35. Kf2 Rxh1 36. fxg7+ Kf7 37. Qxh1 Kxg7 {
the game was later drawn.} 1/2-1/2

[Event "Australian Reserves"]
[Site "Adelaide"]
[Date "2003.12.29"]
[Round "1.11"]
[White "Hoholis, Harry"]
[Black "Dragicevic, Domagoj"]
[Result "0-1"]
[WhiteElo "1606"]
[BlackElo "1895"]
[PlyCount "64"]
[EventDate "2003.12.29"]
[EventType "swiss"]
[EventRounds "11"]
[EventCountry "AUS"]

1. Nf3 Nf6 2. b3 g6 3. Bb2 Bg7 4. e3 O-O 5. d4 d6 6. Bd3 Nbd7 7. Nbd2 Re8 8. c3
e5 9. Qc2 Qe7 10. dxe5 dxe5 11. e4 Nh5 12. O-O Nf4 13. Rfe1 Nxd3 14. Qxd3 Nc5
15. Qe3 Ne6 16. Rad1 Nf4 17. g3 Nh3+ 18. Kg2 Bg4 19. Rc1 Qf6 20. Rf1 Rad8 21.
Ng1 Nxg1 22. Kxg1 Bh3 23. Rfd1 h5 24. f3 Kh7 25. Qe2 Bh6 26. Rc2 Rd7 27. Nc4
Rxd1+ 28. Qxd1 b5 29. Nd2 Qb6+ 30. Kh1 Qf2 31. Qg1 Qe2 32. f4 exf4 0-1

[Event "Australian Reserves"]
[Site "Adelaide"]
[Date "2003.12.29"]
[Round "1.13"]
[White "Forace, Lee"]
[Black "Peters, Duncan"]
[Result "1/2-1/2"]
[WhiteElo "1592"]
[BlackElo "1887"]
[PlyCount "126"]
[EventDate "2003.12.29"]
[EventType "swiss"]
[EventRounds "11"]
[EventCountry "AUS"]

1. e4 e5 2. Nf3 Nc6 3. Nc3 Nf6 4. d4 exd4 5. Nxd4 Nxd4 6. Qxd4 d6 7. Be2 Be7 8.
Be3 O-O 9. f3 Re8 10. O-O-O c6 11. g4 Qa5 12. g5 Nd7 13. Qa4 Qxa4 14. Nxa4 Nf8
15. c4 Be6 16. Nc3 Rec8 17. Kb1 Rd8 18. Rd2 Nd7 19. Rhd1 Nb6 20. b3 Rd7 21. Kc2
Rad8 22. Bf4 Nc8 23. Bf1 a6 24. a4 f5 25. gxf6 Bxf6 26. Bg3 h5 27. Bf2 Bg5 28.
Re2 Rf8 29. Bg2 h4 30. Be3 Bf6 31. Bd4 Bxd4 32. Rxd4 h3 33. Bh1 Rf4 34. Red2 g5
35. c5 d5 36. exd5 Rxd4 37. Rxd4 cxd5 38. Kd2 Ne7 39. Ke2 Nf5 40. Rd1 Kg7 41.
b4 d4 42. Ne4 Bc4+ 43. Kd2 Kh6 44. Rg1 Rg7 45. Ng3 Ne3 46. Ne2 Nf5 47. Rg4 Rd7
48. f4 gxf4 49. Rxf4 Kg5 50. Rf2 Bb3 51. c6 bxc6 52. Bxc6 Rd6 53. b5 Bxa4 54.
Be4 Ne7 55. bxa6 Rxa6 56. Nxd4 Rd6 57. Ke3 Nd5+ 58. Bxd5 Rxd5 59. Nf3+ Kh6 60.
Rf1 Bd7 61. Rg1 Ra5 62. Kf4 Rf5+ 63. Kg3 Bc6 1/2-1/2

[Event "Australian Reserves"]
[Site "Adelaide"]
[Date "2003.12.29"]
[Round "1.19"]
[White "Thorne, Richard"]
[Black "Holt, Kenneth P"]
[Result "0-1"]
[WhiteElo "1562"]
[BlackElo "1835"]
[PlyCount "68"]
[EventDate "2003.12.29"]
[EventType "swiss"]
[EventRounds "11"]
[EventCountry "AUS"]

1. d4 d5 2. Nf3 Nf6 3. Bg5 g6 4. Nbd2 Bg7 5. e3 O-O 6. Be2 c5 7. c3 cxd4 8.
exd4 Nc6 9. Ne5 Nxe5 10. dxe5 Nd7 11. f4 f6 12. exf6 Nxf6 13. h4 Qd6 14. g3 e5
15. Nc4 Qc5 16. b4 Qc6 17. Nxe5 Qxc3+ 18. Kf1 Qxg3 19. Bf3 Bh3+ 20. Ke2 Bg2 21.
Bxg2 Qxg2+ 22. Kd3 Rac8 23. Qf3 Qc2+ 24. Kd4 Qd2+ 25. Nd3 Rfe8 26. Bxf6 Bxf6+
27. Kxd5 Rcd8+ 28. Kc4 Qc3+ 29. Kb5 Rxd3 30. Qxb7 Rd4 31. Rab1 Qc4+ 32. Ka4
Qxa2+ 33. Kb5 Rd5+ 34. Kc6 Qc4# 0-1

[Event "Australian Reserves"]
[Site "Adelaide"]
[Date "2003.12.30"]
[Round "1.20"]
[White "Pengelley, Justin"]
[Black "Arocha, Leandro"]
[Result "1-0"]
[WhiteElo "1834"]
[BlackElo "1545"]
[PlyCount "65"]
[EventDate "2003.12.29"]
[EventType "swiss"]
[EventRounds "11"]
[EventCountry "AUS"]

1. e4 d6 2. d4 Nf6 3. Nc3 g6 4. f3 c6 5. Be3 b5 6. Qd2 h5 7. O-O-O Nbd7 8. d5
c5 9. Bxb5 Rb8 10. e5 dxe5 11. Qf2 Bh6 12. Bxh6 Rxh6 13. Qxc5 Kf8 14. Qxa7 Rb7
15. Qe3 Rh7 16. Bc6 Rb4 17. a3 Rb8 18. Qa7 Rh8 19. d6 e6 20. Nh3 Kg7 21. Ne4
Rb6 22. Bxd7 Nxd7 23. Kb1 Rb7 24. Qe3 Qa5 25. Qc3 Qb5 26. Nhg5 Re8 27. h4 Nb6
28. d7 Na4 29. dxe8=N+ Qxe8 30. Qxe5+ Kh6 31. Nf6 Qf8 32. b3 Qxa3 33. Ng8# 1-0

[Event "Australian Reserves"]
[Site "Adelaide"]
[Date "2003.12.29"]
[Round "1.21"]
[White "Obst, James"]
[Black "Oks, Oliver"]
[Result "1-0"]
[WhiteElo "1539"]
[BlackElo "1799"]
[PlyCount "45"]
[EventDate "2003.12.29"]
[EventType "swiss"]
[EventRounds "11"]
[EventCountry "AUS"]

1. e4 e5 2. f4 exf4 3. Nf3 d6 4. d4 g5 5. h4 g4 6. Ng1 Nf6 7. Nc3 d5 8. e5 Nh5
9. Be2 Rg8 10. Qd3 Ng3 11. Rh2 Bf5 12. Qb5+ Nc6 13. Nxd5 Be7 14. Bxf4 Nh5 15.
Qxb7 Qxd5 16. Qxa8+ Bd8 17. Bd2 Kd7 18. c4 Qxd4 19. O-O-O Nxe5 20. Bc3 Nd3+ 21.
Rxd3 Bxd3 22. Bxd4 Bxe2 23. Qd5+ 1-0

[Event "Australian Reserves"]
[Site "Adelaide"]
[Date "2003.12.29"]
[Round "1.34"]
[White "Lindberg, Gordon"]
[Black "Stewart, Clint"]
[Result "1-0"]
[WhiteElo "1690"]
[BlackElo "1270"]
[PlyCount "59"]
[EventDate "2003.12.29"]
[EventType "swiss"]
[EventRounds "11"]
[EventCountry "AUS"]

1. e4 c5 2. Nf3 d6 3. d4 cxd4 4. Nxd4 Nf6 5. Nc3 g6 6. Be3 Bg7 7. f3 O-O 8. Qd2
Nc6 9. Bc4 Bd7 10. O-O-O Qb8 11. Bb3 a5 12. a3 Rc8 13. h4 Ne5 14. h5 a4 15. Ba2
Nc4 16. Bxc4 Rxc4 17. g4 b5 18. hxg6 fxg6 19. Nd5 Nxd5 20. exd5 b4 21. Qh2 bxa3
22. Qxh7+ Kf7 23. bxa3 Rc3 24. Rh6 Rxe3 25. Qxg6+ Kg8 26. Rdh1 Re1+ 27. Rxe1
Qf8 28. Qh7+ Kf7 29. Rg6 Ke8 30. Qxg7 1-0

[Event "Australian Reserves"]
[Site "Adelaide"]
[Date "2003.12.30"]
[Round "2.1"]
[White "Cowley, Robert G"]
[Black "Sonter, Matthew"]
[Result "1/2-1/2"]
[WhiteElo "2022"]
[BlackElo "1794"]
[PlyCount "70"]
[EventDate "2003.12.29"]
[EventType "swiss"]
[EventRounds "11"]
[EventCountry "AUS"]

1. c4 c5 2. Nc3 Nc6 3. g3 g6 4. Bg2 Bg7 5. Nf3 Nf6 6. d4 cxd4 7. Nxd4 Nxd4 8.
Qxd4 O-O 9. O-O d6 10. Bd2 Be6 11. Qd3 Nd7 12. b3 Rb8 13. Rac1 a6 14. e4 Nc5
15. Qe2 Qd7 16. Nd5 b5 17. b4 Bxd5 18. exd5 Na4 19. c5 dxc5 20. bxc5 Rbc8 21.
c6 Qd6 22. Bg5 Bf6 23. Bxf6 Qxf6 24. Rfe1 Rc7 25. Qe5 Qxe5 26. Rxe5 Rd8 27.
Rxe7 Rxe7 28. c7 Rxc7 29. Rxc7 Nb6 30. Rc5 Kf8 31. f4 Ke7 32. Rc7+ Rd7 33. Rc6
Rd6 34. Rc7+ Rd7 35. Rc5 Rd8 1/2-1/2

[Event "Australian Reserves"]
[Site "Adelaide"]
[Date "2003.12.30"]
[Round "2.2"]
[White "Hunter, Daniel M"]
[Black "Lip, Michael"]
[Result "0-1"]
[WhiteElo "1777"]
[BlackElo "1964"]
[PlyCount "64"]
[EventDate "2003.12.29"]
[EventType "swiss"]
[EventRounds "11"]
[EventCountry "AUS"]

1. e4 d5 2. e5 c5 3. f4 Nc6 4. Nf3 Bg4 5. Be2 e6 6. O-O h5 7. Ng5 Bxe2 8. Qxe2
Nd4 9. Qd1 Be7 10. d3 g6 11. c3 Nc6 12. Qc2 Nh6 13. Nd2 Nf5 14. Ndf3 b5 15. Bd2
Qb6 16. Kh1 h4 17. Rae1 Kf8 18. Be3 d4 19. Bf2 Kg7 20. Kg1 a5 21. Re4 Rad8 22.
Rd1 dxc3 23. bxc3 b4 24. Rc4 Rd5 25. Ne4 Rhd8 26. Qb3 Rxd3 27. Rxd3 Rxd3 28.
Nxc5 Bxc5 29. Bxc5 Qd8 30. Qc2 Qd5 31. Qb3 Rd1+ 32. Kf2 Qd3 0-1

[Event "Australian Reserves"]
[Site "Adelaide"]
[Date "2003.12.30"]
[Round "2.3"]
[White "Yachou, Nur"]
[Black "Stead, Kerry"]
[Result "0-1"]
[WhiteElo "1764"]
[BlackElo "1935"]
[PlyCount "80"]
[EventDate "2003.12.29"]
[EventType "swiss"]
[EventRounds "11"]
[EventCountry "AUS"]

1. e4 e5 2. Nf3 Nc6 3. Bc4 Nf6 4. Ng5 d5 5. exd5 b5 6. Bb3 Nd4 7. d6 Nxb3 8.
dxc7 Qd5 9. axb3 Qxg2 10. Qf3 Qxf3 11. Nxf3 Bb7 12. Ke2 Nd5 13. d3 Nxc7 14. Be3
a6 15. Rg1 f6 16. Nc3 Ne6 17. h4 Rc8 18. Rac1 Kf7 19. Ne4 Be7 20. Ng3 g6 21.
Ne4 Rhe8 22. c3 Nf4+ 23. Bxf4 exf4 24. Kd2 h6 25. h5 g5 26. Nd4 Rcd8 27. f3
Bxe4 28. dxe4 Bc5 29. Kd3 f5 30. Rce1 Kf6 31. Ra1 fxe4+ 32. fxe4 Rd6 33. b4
Bxb4 34. cxb4 Ke5 35. Kc3 Rc8+ 36. Kb3 Kxd4 37. Rgd1+ Ke5 38. Rxd6 Kxd6 39.
Rxa6+ Ke5 40. Rxh6 f3 0-1

[Event "Australian Reserves"]
[Site "Adelaide"]
[Date "2003.12.30"]
[Round "2.4"]
[White "Guthrie, Aaron"]
[Black "Davis, Tony J"]
[Result "1-0"]
[WhiteElo "1927"]
[BlackElo "1748"]
[PlyCount "115"]
[EventDate "2003.12.29"]
[EventType "swiss"]
[EventRounds "11"]
[EventCountry "AUS"]

1. e4 e5 2. Nf3 Nc6 3. Bc4 Bb4 4. c3 Ba5 5. O-O Nf6 6. d4 O-O 7. dxe5 Ng4 8.
Bf4 Qe7 9. Qd5 Re8 10. h3 Ngxe5 11. Nxe5 Nxe5 12. Bxe5 Qxe5 13. Qxf7+ Kh8 14.
Nd2 b5 15. Bb3 Bb7 16. Nf3 Qc5 17. Bd5 Bxd5 18. exd5 Re7 19. Qh5 Bb6 20. Ne5
Kg8 21. Nd3 Qc4 22. Rae1 g6 23. Qh6 Rxe1 24. Rxe1 Bc5 25. Ne5 Qxd5 26. Nxg6 Qf7
27. Nf4 Kh8 28. Qg5 Bd6 29. Qd5 Rf8 30. Qxf7 Rxf7 31. Nd3 c5 32. Re4 c4 33. Ne1
Bc5 34. Nf3 Kg7 35. Nd4 Rf6 36. g4 Ra6 37. a3 Kf6 38. Kg2 Kf7 39. f4 d5 40. Re5
Bxd4 41. cxd4 Rd6 42. h4 a5 43. Kf3 b4 44. axb4 axb4 45. Ke3 b3 46. Kd2 Rg6 47.
g5 Rd6 48. h5 h6 49. Rf5+ Kg7 50. Kc3 Rd7 51. Rf6 Re7 52. Rg6+ Kf8 53. Rxh6
Re3+ 54. Kb4 Re4 55. Rf6+ Kg8 56. h6 Rxd4 57. g6 c3+ 58. Kxc3 1-0

[Event "Australian Reserves"]
[Site "Adelaide"]
[Date "2003.12.30"]
[Round "2.5"]
[White "Frost, Peter"]
[Black "Krstic, Slobodan"]
[Result "1-0"]
[WhiteElo "1743"]
[BlackElo "1922"]
[PlyCount "77"]
[EventDate "2003.12.29"]
[EventType "swiss"]
[EventRounds "11"]
[EventCountry "AUS"]

1. d4 Nf6 2. c4 g6 3. Nc3 Bg7 4. e4 d6 5. f3 e5 6. d5 Nh5 7. Be3 Na6 8. Qd2
Qh4+ 9. Bf2 Qe7 10. Nge2 f5 11. Nc1 O-O 12. Nd3 c5 13. O-O-O Bd7 14. exf5 gxf5
15. Be3 b5 16. Bg5 Qe8 17. cxb5 Nc7 18. Nf2 Qg6 19. g4 fxg4 20. Bd3 Qe8 21.
Nfe4 Nf4 22. Nxd6 Nxd3+ 23. Qxd3 Qh5 24. Bd2 Rxf3 25. Qc4 Qg6 26. Qxc5 Ne8 27.
Nxe8 Rxe8 28. Qxa7 Bf5 29. b6 e4 30. b7 Be5 31. Be3 Qd6 32. Rhe1 Qb4 33. Rd4
Qf8 34. d6 Bxd6 35. Rxd6 Qxd6 36. Rd1 Qxh2 37. Nd5 Qb8 38. Nf6+ Kf7 39. Nxe8
1-0

[Event "Australian Reserves"]
[Site "Adelaide"]
[Date "2003.12.30"]
[Round "2.6"]
[White "Dizdarevic, Mehmedalija"]
[Black "Djelaj, Pasko"]
[Result "1-0"]
[WhiteElo "1917"]
[BlackElo "1738"]
[PlyCount "111"]
[EventDate "2003.12.29"]
[EventType "swiss"]
[EventRounds "11"]
[EventCountry "AUS"]

1. e4 c5 2. Nf3 Nc6 3. d4 cxd4 4. Nxd4 Nf6 5. Nc3 e5 6. Ndb5 d6 7. Bg5 a6 8.
Na3 Be7 9. Bxf6 gxf6 10. Nd5 b5 11. c3 h5 12. Nc2 Be6 13. Nce3 Rb8 14. Qd2 Bf8
15. Qe2 Rh6 16. h4 Ne7 17. O-O-O Rc8 18. Kb1 f5 19. Nxe7 Bxe7 20. exf5 Bc4 21.
Nxc4 bxc4 22. Qe4 Qc7 23. Be2 Qc6 24. Qe3 Rh8 25. Bf3 Qc5 26. Qe2 Qb5 27. Rd5
Rc5 28. Rxc5 Qxc5 29. g3 Bf6 30. Rd1 Ke7 31. Bd5 a5 32. Qxc4 Qxc4 33. Bxc4 Rc8
34. Be2 Rc5 35. Bxh5 e4 36. Bg4 d5 37. Re1 Kd6 38. Re2 Ke5 39. Kc2 d4 40. f3 e3
41. Kd1 Bg7 42. Kc2 Bh6 43. Kd3 Rd5 44. f4+ Bxf4 45. gxf4+ Kxf4 46. c4 Rd8 47.
Bh3 Kg3 48. Bg2 Kxh4 49. Bd5 Kg4 50. Kxd4 Kxf5 51. Rxe3 f6 52. a3 Rb8 53. Re2
Kf4 54. Kc5 f5 55. b4 axb4 56. axb4 1-0

[Event "Australian Reserves"]
[Site "Adelaide"]
[Date "2003.12.30"]
[Round "2.7"]
[White "Kordahi, Nicholas"]
[Black "Hare, Tim"]
[Result "0-1"]
[WhiteElo "1728"]
[BlackElo "1915"]
[PlyCount "126"]
[EventDate "2003.12.29"]
[EventType "swiss"]
[EventRounds "11"]
[EventCountry "AUS"]

1. e4 c5 2. Nc3 a6 3. d3 Nc6 4. g3 g6 5. Bg2 Bg7 6. f4 d6 7. Nf3 Nf6 8. O-O O-O
9. Qe1 Rb8 10. h3 Nd7 11. g4 b5 12. f5 Nde5 13. Qh4 Nxf3+ 14. Rxf3 Bb7 15. Bh6
Ne5 16. Rf2 Bxh6 17. Qxh6 f6 18. Qf4 g5 19. Qg3 Kg7 20. Ne2 Qb6 21. Rd1 Bc6 22.
d4 cxd4 23. Nxd4 Bd7 24. Bf1 Rbc8 25. Kh1 Rh8 26. Rdd2 h5 27. Rh2 h4 28. Qb3
Nc4 29. Bxc4 Rxc4 30. c3 Rhc8 31. Rd3 a5 32. Rhd2 Qc5 33. Nf3 Rxe4 34. Qd5 Qxd5
35. Rxd5 Bc6 36. R5d3 Rf4 37. Kg2 Kf7 38. Kf2 Be4 39. Re3 Rxf3+ 40. Rxf3 Bxf3
41. Kxf3 Rc5 42. Rd4 a4 43. a3 Ke8 44. Rd2 Kd7 45. Rd4 e5 46. fxe6+ Kxe6 47.
Rd2 f5 48. gxf5+ Rxf5+ 49. Kg4 Re5 50. Kf3 d5 51. Rd4 Kd6 52. Rg4 Kc5 53. Kf2
Rf5+ 54. Ke2 Kc6 55. Rg1 Kd6 56. Rg4 Kc5 57. Ke3 Rf1 58. Rxg5 Rh1 59. Rg4 Rxh3+
60. Kd2 Rh1 61. Kc2 h3 62. Rh4 h2 63. Kd2 Rb1 0-1

[Event "Australian Reserves"]
[Site "Adelaide"]
[Date "2003.12.30"]
[Round "2.8"]
[White "Pyke, Malcolm L"]
[Black "Murray, Russell"]
[Result "1-0"]
[WhiteElo "1914"]
[BlackElo "1727"]
[PlyCount "125"]
[EventDate "2003.12.29"]
[EventType "swiss"]
[EventRounds "11"]
[EventCountry "AUS"]

1. d4 Nf6 2. Nf3 d5 3. c4 c6 4. e3 e6 5. Nc3 Be7 6. b3 Nbd7 7. Bd3 O-O 8. O-O
dxc4 9. bxc4 c5 10. d5 exd5 11. cxd5 Re8 12. Nb5 Nxd5 13. Bxh7+ Kxh7 14. Qxd5
a6 15. Nd6 Bxd6 16. Qxd6 Qf6 17. Qd3+ Kg8 18. Rb1 Nf8 19. Bb2 Bf5 20. Qb3 Qe7
21. Rbc1 Ne6 22. Ba3 b5 23. Qd5 Bg4 24. Bxc5 Nxc5 25. Qxc5 Qxc5 26. Rxc5 Rec8
27. Rfc1 Rxc5 28. Rxc5 b4 29. Nd4 Rc8 30. Rxc8+ Bxc8 31. Nc6 Be6 32. Nxb4 a5
33. Nc6 Bxa2 34. Nxa5 Bd5 35. f3 f5 36. Kf2 Kf7 37. Ke2 Kf6 38. Kd3 g5 39. Kd4
Bf7 40. Nc4 Bh5 41. e4 fxe4 42. Kxe4 Bg6+ 43. Ke3 Bf7 44. Nd2 Be8 45. g4 Ba4
46. Ne4+ Kg6 47. f4 gxf4+ 48. Kxf4 Bc6 49. h4 Ba4 50. Ng3 Bd7 51. h5+ Kh7 52.
g5 Ba4 53. Kf5 Bc2+ 54. Kf6 Bd1 55. h6 Bc2 56. Nf5 Bb3 57. g6+ Kh8 58. Nd6 Kg8
59. h7+ Kh8 60. Nf7+ Bxf7 61. gxf7 Kxh7 62. f8=R Kh6 63. Rh8# 1-0

[Event "Australian Reserves"]
[Site "Adelaide"]
[Date "2003.12.30"]
[Round "2.9"]
[White "Dragicevic, Domagoj"]
[Black "Stevens, Tristan"]
[Result "1-0"]
[WhiteElo "1895"]
[BlackElo "1706"]
[PlyCount "67"]
[EventDate "2003.12.29"]
[EventType "swiss"]
[EventRounds "11"]
[EventCountry "AUS"]

1. e4 e5 2. Bc4 Nf6 3. d3 Bc5 4. Nc3 d6 5. f4 Nc6 6. Nf3 Be6 7. Bxe6 fxe6 8.
Na4 Bb6 9. Nxb6 axb6 10. fxe5 Nxe5 11. Nxe5 dxe5 12. Be3 O-O 13. O-O Qe8 14.
Qf3 Nd5 15. Qxf8+ Qxf8 16. Rxf8+ Kxf8 17. exd5 exd5 18. Rf1+ Ke7 19. a3 h6 20.
g3 d4 21. Bd2 c5 22. Kg2 b5 23. Rf2 c4 24. Bb4+ Ke6 25. Rf8 Ra6 26. Rc8 Rc6 27.
Rxc6+ bxc6 28. Kf3 g6 29. Ke4 g5 30. dxc4 bxc4 31. a4 d3 32. cxd3 cxd3 33. Kxd3
Kd5 34. a5 1-0